<?xml version="1.0" encoding="UTF-8"?>
<marc:record xmlns:marc="http://www.loc.gov/MARC21/slim">
   <marc:leader>00000nam a2200000 a 4500</marc:leader>
   <marc:datafield ind1="1" ind2=" " tag="100">
      <marc:subfield code="a">Hamtil, Sibylle</marc:subfield>
      <marc:subfield code="4">aut</marc:subfield>
      <marc:subfield code="e">Verfasser/-in</marc:subfield>
   </marc:datafield>
   <marc:datafield ind1="1" ind2=" " tag="100">
      <marc:subfield code="a">Legler, Sarah</marc:subfield>
      <marc:subfield code="4">aut</marc:subfield>
      <marc:subfield code="e">Verfasser/-in</marc:subfield>
   </marc:datafield>
   <marc:datafield ind1=" " ind2=" " tag="653">
      <marc:subfield code="a">Vegetarische Kost</marc:subfield>
   </marc:datafield>
   <marc:datafield ind1=" " ind2=" " tag="653">
      <marc:subfield code="a">Kochbuch</marc:subfield>
   </marc:datafield>
   <marc:datafield ind1="0" ind2="0" tag="245">
      <marc:subfield code="a">Kochbuch für eingefleischte Vegetarier</marc:subfield>
   </marc:datafield>
   <marc:datafield ind1="0" ind2="0" tag="245">
      <marc:subfield code="c">von Sibylle Hamtil und Sarah Legler. Aus dem Engl. von Matthias Fienbork</marc:subfield>
   </marc:datafield>
   <marc:datafield ind1=" " ind2="1" tag="264">
      <marc:subfield code="a">Köln</marc:subfield>
      <marc:subfield code="b">Kiepenheuer &amp; Witsch</marc:subfield>
      <marc:subfield code="c">2011</marc:subfield>
   </marc:datafield>
   <marc:datafield ind1=" " ind2=" " tag="250">
      <marc:subfield code="a">1. Aufl., leicht überarb. Lizenzausg.</marc:subfield>
   </marc:datafield>
   <marc:datafield ind1="1" ind2=" " tag="520">
      <marc:subfield code="a">Angaben aus der Verlagsmeldung

Kochbuch für eingefleischte Vegetarier / von Sibylle Hamtill, Legler

Tiere Essen ist out - Jonathan Safran Foer sei Dank! Inspiriert von Jonathan Safran Foers spektakulär erfolgreichem Buch über Massentier haltung und ihre Folgen entstand dieses "Kochbuch für eingefleischte Vegetarier".Wer es bislang schwierig oder öde fand, sich vegetarisch zu ernähren, erhält mit diesem Kochbuch wunderbar appetitmachende Anregungen. Eingefleischte Vegetarier und solche, die es vielleicht mal werden wollen, lieben nicht nur Fleischtomaten, Falschen Hasen, Rehrücken oder Zimtschnecken, sondern bestimmt auch all die anderen köstlichen Gerichte in dieser umfassenden Sammlung fleisch- und fischloser Rezepte.
</marc:subfield>
   </marc:datafield>
   <marc:datafield ind1=" " ind2=" " tag="020">
      <marc:subfield code="a">9783462043709</marc:subfield>
      <marc:subfield code="9">9783462043709</marc:subfield>
   </marc:datafield>
   <marc:datafield ind1=" " ind2=" " tag="020">
      <marc:subfield code="a">3462043706</marc:subfield>
      <marc:subfield code="9">3462043706</marc:subfield>
   </marc:datafield>
   <marc:datafield ind1=" " ind2=" " tag="300">
      <marc:subfield code="a">164 S.</marc:subfield>
   </marc:datafield>
</marc:record>
